Chế tạo chitosan khối lượng phân tử thấp bằng H2O2 và khảo sát khả năng cải thiện tỉ lệ sống của mô lan hồ điệp

محفوظ في:
التفاصيل البيبلوغرافية
المؤلف الرئيسي: Đặng, Xuân Dự
مؤلفون آخرون: Phan, Tứ Quý
التنسيق: كتاب
اللغة:Undetermined
الموضوعات:
الوصول للمادة أونلاين:http://lrc.tdmu.edu.vn/opac/search/detail.asp?aID=2&ID=33593
الوسوم: إضافة وسم
لا توجد وسوم, كن أول من يضع وسما على هذه التسجيلة!
Thư viện lưu trữ: Trung tâm Học liệu Trường Đại học Thủ Dầu Một
LEADER 00772nam a2200157Ia 4500
001 TDMU_33593
008 210410s9999 xx 000 0 und d
082 |a 302.2072 
100 |a Đặng, Xuân Dự 
245 0 |a Chế tạo chitosan khối lượng phân tử thấp bằng H2O2 và khảo sát khả năng cải thiện tỉ lệ sống của mô lan hồ điệp 
245 0 |c Đặng Xuân Dự...[và nh.ng.kh.] 
300 |a Tr.55-62 
650 |a Lan Hồ Điệp; Chitosan; Khối lượng phân tử thấp; Chitosan  |x Nghiên cứu 
700 |a Phan, Tứ Quý 
856 |u http://lrc.tdmu.edu.vn/opac/search/detail.asp?aID=2&ID=33593 
980 |a Trung tâm Học liệu Trường Đại học Thủ Dầu Một